00776nam a2200217 i 4500001000300000245008900003250001200092260004300104300003300147504003200180650004600212650003400258655003000292700002400322020001500346040000800361041000700369080004300376008004100419856009800460bg00aObliczanie konstrukcji stalowych :bwg PN-90/B-03200 /cJerzy Niewiadomski [et al.]. aWyd. 2. aWarszawa :bWydaw. Naukowe PWN,c2000. a234, [1] s. :bil. ;c24 cm. aBibliogr., normy. - Indeks. 9aKonstrukcje stalowexnormalizacjazPolska 9aKonstrukcje stalowexprojekty aPodręczniki akademickie1 aNIEWIADOMSKI, Jerzy a8301130415 cBPK0 apl a624.014.001.13/.14(438)(083.74)(075.8) s pl f |000 0 pol  uhttp://koha.tu.koszalin.pl/cgi-bin/koha/opac-detail.pl?biblionumber=40685yKatalog online BPK